Normal view
MARC view
Entry Topical Term
001 - CONTROL NUMBER
- control field: 32869
003 - CONTROL NUMBER IDENTIFIER
- control field: OSt
005 - DATE AND TIME OF LATEST TRANSACTION
- control field: 20220913112243.0
008 - FIXED-LENGTH DATA ELEMENTS
- fixed length control field: 220913|| aca||aabn | a|a d
040 ## - CATALOGING SOURCE
- Original cataloging agency: OSt
- Transcribing agency: OSt
150 ## - HEADING--TOPICAL TERM
- Topical term or geographic name entry element: Whildhand free, Accountability, Collaboration.
670 ## - SOURCE DATA FOUND
- Source citation: Work cat.: (OSt): Wise, Charles R. 32868, Accountability in collaborative federal programs—multidimensional and multilevel performance measures needed: The case of wildland fire prevention
